| 000 | 01683cam a22002413a 4500 | ||
|---|---|---|---|
| 001 | 9375 | ||
| 003 | PGUSA | ||
| 005 | 20140828083211.0 | ||
| 008 | 051101s2005||||xxu|||||s|||||000 | eng d | ||
| 040 |
_aPGUSA _beng |
||
| 042 | _adc | ||
| 050 | 4 | _aPT | |
| 100 | 1 |
_aLessing, Gotthold Ephraim, _d1729-1781 |
|
| 245 | 1 | 0 |
_aAusgewählte Fabeln _h[electronic resource] / _cGotthold Ephraim Lessing |
| 260 |
_bProject Gutenberg, _c2005 |
||
| 505 | 0 | _aDas Geschenk der Feien -- Das Roß und der Stier -- Der Affe und der Fuchs -- Der Besitzer des Bogens -- Der Esel mit dem Löwen -- Der Esel und das Jagdpferd -- Der Esel und der Wolf -- Der Fuchs -- Der Geizige -- Der Hamster und die Ameise -- Der Hirsch -- Der Hirsch und der Fuchs -- Der Knabe und die Schlange -- Der Löwe mit dem Esel -- Der Löwe und der Hase -- Der Pelikan -- Der Phönix -- Der Rabe -- Der Rabe und der Fuchs -- Der Rangstreit der Tiere -- Der Sperling und der Strauß -- Der Strauß -- Der Wolf auf dem Todbette -- Der Wolf und der Schäfer -- Der hungrige Fuchs -- Der junge und der alte Hirsch -- Die Eiche -- Die Eiche und das Schwein -- Die Erscheinung -- Die Eule und der Schatzgräber -- Die Furien -- Die Gans -- Die Geschichte des alten Wolfs -- Die Nachtigall und die Lerche -- Die Pfauen und die Krähe -- Die Schwalbe -- Die Sperlinge -- Die Traube -- Die Wasserschlange -- Die Ziegen -- Die eherne Bildsäule -- Die junge Schwalbe -- Jupiter und das Schaf -- Merops -- Minerva -- Zeus und das Pferd | |
| 506 | _aPublic domain in the USA. | ||
| 516 | _aElectronic text | ||
| 653 | _aFables | ||
| 830 | 0 |
_aProject Gutenberg _v9375 |
|
| 856 | 4 | 0 | _uhttp://www.gutenberg.org/ebooks/9375 |
| 942 | _cEB | ||
| 999 |
_c238631 _d238631 |
||